|
|
|
|
| LEADER |
00000cam a2200000 c 4500 |
| 001 |
1645955109 |
| 003 |
DE-627 |
| 005 |
20251225205020.0 |
| 007 |
tu |
| 008 |
190306s2016 ii ||||| 00| ||eng c |
| 010 |
|
|
|a 2016330853
|
| 020 |
|
|
|a 9789351282150
|c Festeinband
|9 978-93-5128-215-0
|
| 035 |
|
|
|a (DE-627)1645955109
|
| 035 |
|
|
|a (DE-576)518372650
|
| 035 |
|
|
|a (DE-599)BSZ518372650
|
| 040 |
|
|
|a DE-627
|b ger
|c DE-627
|e rda
|
| 041 |
|
|
|a eng
|
| 044 |
|
|
|c XB-IN
|
| 050 |
|
0 |
|a HQ281
|
| 082 |
0 |
|
|a 364.15510954
|
| 100 |
1 |
|
|a Pande, Rekha
|d 1955-
|e VerfasserIn
|0 (DE-588)1145727697
|0 (DE-627)1005706441
|0 (DE-576)168553422
|4 aut
|
| 109 |
|
|
|a Pande, Rekha 1955-
|
| 245 |
1 |
0 |
|a Sex trafficking in South Asia with a special focus on India
|c Rekha Pande
|
| 264 |
|
1 |
|a Delhi
|b Kalpaz
|c 2016
|
| 300 |
|
|
|a 250 Seiten
|b Illustrationen
|
| 336 |
|
|
|a Text
|b txt
|2 rdacontent
|
| 337 |
|
|
|a ohne Hilfsmittel zu benutzen
|b n
|2 rdamedia
|
| 338 |
|
|
|a Band
|b nc
|2 rdacarrier
|
| 500 |
|
|
|a Includes bibliographical references (pages 191-214) and index
|
| 650 |
|
0 |
|a Human Trafficking
|x South Asia
|
| 650 |
|
0 |
|a Human Trafficking
|x India
|
| 650 |
|
0 |
|a Human Trafficking
|x Law and legislation
|x South Asia
|
| 650 |
|
0 |
|a Human Trafficking
|x Law and legislation
|x India
|
| 650 |
|
0 |
|a Women
|x Crimes against
|x South Asia
|
| 650 |
|
0 |
|a Women
|x Crimes against
|x India
|
| 650 |
|
0 |
|a Human Trafficking
|
| 650 |
|
0 |
|a Human Trafficking
|x Law and legislation
|
| 650 |
|
0 |
|a Women
|x Crimes against
|x India
|x South Asia
|
| 856 |
4 |
2 |
|u https://swbplus.bsz-bw.de/bsz1645955109inh.htm
|m V:DE-576;B:DE-Frei85
|q application/pdf
|v 20190701153225
|3 Inhaltsverzeichnis
|7 1
|
| 935 |
|
|
|a mkri
|
| 951 |
|
|
|a BO
|
| ELC |
|
|
|b 1
|
| LOK |
|
|
|0 000 xxxxxcx a22 zn 4500
|
| LOK |
|
|
|0 001 3316242244
|
| LOK |
|
|
|0 003 DE-627
|
| LOK |
|
|
|0 004 1645955109
|
| LOK |
|
|
|0 005 20190626100432
|
| LOK |
|
|
|0 008 190307||||||||||||||||ger|||||||
|
| LOK |
|
|
|0 040
|a DE-Frei85
|c DE-627
|d DE-Frei85
|
| LOK |
|
|
|0 852
|a DE-Frei85
|
| LOK |
|
|
|0 852 1
|m p
|9 00
|
| LOK |
|
|
|0 938
|k p
|
| LOK |
|
|
|0 939
|a 07-03-19
|b l01
|
| ORI |
|
|
|a SA-MARC-krimdoka001.raw
|